| 000 | 00800nam a22002537a 4500 | ||
|---|---|---|---|
| 001 | 1977 | ||
| 003 | CO-MdFUSB | ||
| 005 | 20180622072726.0 | ||
| 008 | 170601t1989 enk||||| |||| 00| 0 eng d | ||
| 020 | _a0521-42392-9 | ||
| 040 |
_aCO-MdFUSB _bspa _cCO-MdFUSB _dCO-MdFUSBC _erda |
||
| 041 | 0 | _aeng | |
| 082 | 0 | 4 | _aG 221 C6265w |
| 245 | 1 | 4 |
_aThe world of ancient Israel _b : Sociological, anthropological and political perspectives _c / R.E. Clements, Editor |
| 264 | 4 |
_aCambridge, Great Britain : _bCambridge University, _c©1989 |
|
| 300 | _aXI, 436 Pag | ||
| 336 |
_2rdacontent _a1 _ba1 |
||
| 337 |
_2rdamedia _a2 _b5 |
||
| 338 |
_2rdacarrier _a2 _b5 |
||
| 650 | 7 |
_aSociología cristiana _9405 |
|
| 650 | 7 |
_aTeología bíblica _9320 |
|
| 653 | _aCivilización judía - hasta 70 D.C. | ||
| 942 | _cBK | ||
| 999 |
_c33074 _d33074 |
||